00453 2200193 4500001002100000005001500021035002000036007000300056008004100059020002200100082001100122084001700133100000800150245002000158250000600178260003100184300002800215700001600243INLIS00000000000158320231121091828 a0010-1123000214ta231121 b 1 ind  a978-623-206-318-1 a2x0.01 a2x0.01 AAN f0 aAan1 aFii Amaanillaah a- aSolo :bTiga Ananda,c2019 a32 :bilus. ;c25 cme-1 aWulandari U